100 internationale Städte mit Anfangsbuchstabe A - Statistiken

Allgemein
  • Dieses Quiz wurde 93 mal gespielt
  • Das Durchschnittsergebnis liegt bei 35 aus 100
Antwortstatistiken
Einwohner Hinweis Antwort % Korrekt
5.800.000 1923 von Atatürk zur Hauptstadt ernannte moderne Metropole Ankara
100%
940.000 Stadt der Grachten und Radfahrer - Heimat des Rijksmuseums Amsterdam
97%
250.000 Stadt Karls des Großen, berühmt für den Dom und Printen Aachen
90%
640.000 Wiege der Demokratie mit der Akropolis als Wahrzeichen der Antike Athen
90%
300.000 Fuggerstadt in Bayern und eine der ältesten Städte Deutschlands Augsburg
90%
5.000.000 Antike Weltstadt am Nil-Delta - Große Bibliothek Alexandria
85%
960.000 Hauptstadt von Texas und Welthauptstadt der Livemusik Austin
82%
230.000 Schottische „Granitstadt“ - Zentrum der Nordsee-Ölindustrie Aberdeen
78%
1.000.000 Tourismuszentrum an der Türkischen Riviera Antalya
78%
1.500.000 Neuseelands „Stadt der Segel“ und größte Stadt des Landes Auckland
78%
300.000 Ghanas farbenfrohe Hauptstadt am Golf von Guinea Accra
76%
4.800.000 Die auf sieben Hügeln erbaute Hauptstadt Jordaniens Amman
76%
540.000 Belgische Diamantenmetropole und bedeutende Hafenstadt Antwerpen
76%
1.500.000 Futuristische Hauptstadt Kasachstans in der Steppe Astana
76%
500.000 Austragungsort Olympischen Spiele 1996 - Hauptsitz von Coca-Cola Atlanta
74%
1.500.000 Emirat am Golf mit der prachtvollen Scheich-Zayid-Moschee Abu Dhabi
71%
1.400.000 Australische „Stadt der Kirchen“ und Zentrum für Weinbau Adelaide
71%
520.000 „Mutter der Städte“ - südamerikanische Hauptstadt Asunción
69%
3.300.000 Höchstgelegene Hauptstadt in Afrika - Sitz der Afrikanischen Union Addis Abeba
62%
1.300.000 Die „Stadt der Tausend“ auf Madagaskar Antananarivo
62%
1.700.000 Planstadt im Zentrum Nigerias, die Lagos als Hauptstadt ablöste Abuja
60%
70.000 "Bayerisches Nizza" und hessischer Dialekt Aschaffenburg
57%
2.300.000 Nordsyrische Metropole an der Seidenstraße Aleppo
56%
2.200.000 Die „Weiße Stadt“ am Mittelmeer - Ketschawa-Moschee Algier
54%
290.000 Zweitgrößte Stadt Dänemarks - Freilichtmuseum „Den Gamle By“ Aarhus
53%
70.000 Stadt am Rand der Schwäbischen Alb - Limes Aalen
50%
20.000 Höchstgelegene Hauptstadt Europas in den Pyrenäen Andorra la Vella
50%
1.000.000 Hauptstadt von Eritrea und größte Stadt des Landes Asmara
50%
5.600.000 Wirtschaftliches Zentrum der Elfenbeinküste - „Paris Westafrikas“ Abidjan
49%
670.000 Legendärer mexikanischer Badeort - Klippenspringer Acapulco
49%
90.000 Stadt der Päpste an der Rhône mit der berühmten Brückenruine Avignon
49%
2.200.000 Türkische Metropole im Süden - Hackfleisch-Spieße (Kebab) Adana
47%
1.000.000 Turkmenische „Stadt der Liebe“ - bekannt für weiße Marmorbauten Aşgabat
47%
1.600.000 Heimat des weltberühmten Marmormonuments Taj Mahal Agra
46%
340.000 Spanische Stadt an der Costa Blanca unter der Burg Santa Bárbara Alicante
46%
2.300.000 Kasachstans größte Stadt, bekannt für Äpfel und die Berge Almaty
46%
600.000 Jemenitische Hafenstadt am Roten Meer - Namensgeber des Golfes Aden
44%
560.000 Größte Stadt New Mexicos - Breaking Bad Albuquerque
44%
500.000 Marokkanische Küstenstadt - nach Erdbeben 1960 wiederaufgebaut Agadir
40%
290.000 Nördlichste US-Großstadt, umgeben von spektakulärer Wildnis Anchorage
40%
280.000 Stadt am Nil, bekannt für den gewaltigen Staudamm Assuan
40%
350.000 Standort des ersten Disneylands der Welt im Großraum Los Angeles Anaheim
38%
80.000 Geburtsort Napoleons und Hauptstadt der Insel Korsika Ajaccio
37%
360.000 Türkischer Badeort mit markanter Festung auf Felsvorsprung Alanya
37%
165.000 Stadt am Rhein - historische Schlacht um eine Brücke (1944) Arnheim
34%
5.600.000 Indische Textilstadt - Gandhi gründete hier seinen Aschram Ahmedabad
32%
100.000 Hauptstadt des US-Bundesstaates New York Albany
32%
40.000 Hafenstadt und Hauptstadt des pazifischen Inselstaates Samoa Apia
31%
40.000 Bis 1744 Residenzstadt der ostfriesischen Fürsten Aurich
31%
7.000 Exklusiver Wintersportort in Colorado, Treffpunkt der High Society Aspen
29%
40.000 US-Zockerparadies an der Ostküste mit Vielzahl von Casinos Atlantic City
29%
120.000 Norddänische Industriestadt am Limfjord Aalborg
28%
25.000 Bekannteste Stadt im australischen Outback nahe dem Uluru Alice Springs
28%
70.000 Norditalienische Stadt, weltberühmt für ihren Schaumwein Asti
28%
20.000 Kantonshauptstadt an der Aare - bemalten Dachuntersichten Aarau
26%
30.000 Geburtsort des Heiligen Franziskus - christlicher Wallfahrtsort Assisi
26%
110.000 Niederländische Stadt mit berühmten Käsemarkt Alkmaar
25%
130.000 Französische Stadt mit großer gotischen Kathedrale Amiens
25%
100.000 Italienische Hafenstadt an der Adria - Hauptstadt der Region Marken Ancona
24%
30.000 Stadt am Rhein mit dem höchsten Kaltwassergeysir der Welt Andernach
24%
20.000 Französische Alpenstadt - Olympischen Winterspiele 1992 Albertville
19%
200.000 Stadt in Georgia - Profi-Golfturnier "The Masters Tournament" Augusta
19%
225.000 Niederländische Stadt - auf Neuland vom IJsselmeer erbaut Almere
18%
200.000 Sonnenreichste Stadt Spaniens, berühmt für ihre maurische Festung Almería
18%
400.000 Brasilianische Stadt in Goiás - ähnlich wie Hauptstadt von Maryland Anápolis
16%
130.000 „Venedig der Alpen“ - gelegen am gleichnamigen See in Frankreich Annecy
16%
145.000 Stadt der tausend Brunnen und des Malers Cézanne in Südfrankreich Aix-en-Provence
15%
15.000 Bedeutender bayerische Marienwallfahrtsort mit der Gnadenkapelle Altötting
15%
155.000 Historische Hauptstadt des Anjou in Frankreich Angers
15%
30.000 Stadt in den italienischen Alpen - römische Ruinen und Wintersport Aosta
15%
390.000 Heimat der Dallas Cowboys und des Vergnügungsparks Six Flags Arlington (Texas)
15%
250.000 Galicische Hafenstadt mit dem Herkulesturm A Coruña
13%
350.000 Russlands Hafenstadt am Weißen Meer nahe dem Polarkreis Archangelsk
13%
5.000 Namensgebende Perle der italienischen Steilküste mit Dom Amalfi
12%
25.000 Niederösterreichische Stadt im Mostviertel an der Westbahnstrecke Amstetten
10%
165.000 Niederländische Stadt mit dem königlichen Palais Het Loo Apeldoorn
10%
150.000 Jordaniens einziger Seehafen am Roten Meer Akaba
9%
200.000 Stadt in Texas an der Route 66, bekannt für die „Cadillac Ranch“ Amarillo
9%
520.000 Russische Stadt im Wolgadelta - Kaviar und Wassermelonen Astrachan
9%
750.000 Irakische Stadt bei Bagdad - berüchtigt durch Gefängnis Abu Ghraib
7%
120.000 Heimat der University of Michigan und bekannt für alternative Kultur Ann Arbor
7%
70.000 Hauptstadt von Lanzarote Arrecife
7%
900.000 Bedeutendes Handels- und Industriezentrum im Südosten Nigerias Aba
6%
3.000 Schweizer Bergdorf im Berner Oberland - Weltcup-Skirennen Adelboden
6%
170.000 Spanische Stadt in der Mancha - bekannt für Messerschmiedekunst Albacete
6%
20.000 Fischerdorf - heute touristisches Herz der portugiesischen Algarve Albufeira
6%
120.000 In Pennsylvania-Deutsch: Allenschteddel Allentown
6%
1.300.000 Perus „Weiße Stadt“ am Fuße des mächtigen Vulkans El Misti Arequipa
6%
190.000 US-Stadt in Ohio, einst als Welthauptstadt des Gummis bekannt Akron
4%
400.000 Wiege des frühen Christentums in der Türkei - historisch: Antiochia Antakya
4%
620.000 Tansanisches Tor zur Safari-Welt des Serengeti-Parks Arusha
4%
140.000 Kanadische Stadt in British Columbia, bekannt für ihre Flugschau Abbotsford
3%
3.000 Ort der kolossalen Felsentempel Ramses II. am Nassersee Abu Simbel
3%
200.000 Spanische Geburtsstadt von Cervantes nahe Madrid Alcalá de Henares
3%
35.000 Bis 1773 Hauptstadt der spanischen Kolonien in Zentralamerika Antigua Guatemala
3%
1.200.000 Seit 2023 Chhatrapati Sambhajinagar - Werke von VW und Audi Aurangabad
3%
60.000 Sizilianische Stadt, berühmt für das antike „Tal der Tempel“ Agrigent
1%
240.000 Brasilianische Stadt, von Auswanderern aus den USA gegründet Americana
1%
570.000 Brasilianische Küstenstadt im Nordosten, bekannt für ihre Strände Aracaju
1%
100.000 Peruanische Stadt der 33 Kirchen in der gleichnamigen Region Ayacucho
0%
Keine übereinstimmenden Quizze gefunden
Verteilung der Resultate
Anzahl Personen mit jedem Resultat
Perzentil nach korrekt beantworteten Fragen
Ihre Resultats-Entwicklung
Sie haben dieses Quiz noch nicht gespielt